000 02153cam a22004814i 4500
003 PE-LiUPU
005 20250731165555.0
008 150625s2004 mx rb 000 0 spa d
035 _a(Sirsi) a35891
040 _aPE-LiUPU
_bspa
_cPE-LiUPU
_erda
082 0 4 _a001.42
_bG79
_221
100 1 _aGrajales Guerra, Tevni,
_eautor.
245 1 0 _aCómo elaborar una propuesta de investigación /
_cTevni Grajales Guerra.
264 1 _aMontemorelos :
_bEdit. Montemorelos, S.A. de C.V.,
_c2004.
300 _a141 páginas ;
_c21 centímetros.
336 _atext
_2rdacontent
337 _aunmediated
_2rdamedia
338 _avolume
_2rdacarrier
490 0 _a"Textos Universitarios"
504 _aIncluye bibliografía.
505 0 _aA manera de introducción: la investigación -- ¿Qué investigar? -- El problema de la investigación -- La investigación documental -- Definición de las variables -- Planteamiento del problema -- La metodología de la investigación empírica a) Población y muestra b) Hipótesis empírica c) Instrumentos de observación d)Recolección de datos e) Análisis de los resultados f) Calendario y presupuesto -- La metodología de la investigación histórica: una crisis compartida -- Cosmovisión, concepto de investigación y método -- Guía de actividades.
526 _aSEG44
526 _aSEG26
526 _aP151
526 _aP150
526 _aP149
526 _aP146
526 _aP145
526 _aP126
526 _aP125
526 _aP92
526 _aP75
526 _aP74
526 _aP27
526 _aP15
650 0 4 _aTesis y disertaciones académicas
_xMetodología.
650 0 4 _aInvestigación
_xMetodología.
942 _2ddc
_cBOOK
949 _a001.42 G79
_wDEWEY
_c1
_i53800
_lCCODEBUL1
_mBUL
_p8.00
_r0
_sY
_tBOOK
_u2015-06-25
_xTEOLOGIA
_zUNKNOWN
_0COMPRA
_o.STAFF. Colección General
596 _a1
999 _a001.42 G79
_wDEWEY
_c43904
_i53800
_d43904
_e2020-1-28
_f2021-11-4
_g4
_lCCODEBUL1
_mBUL
_n8
_p8.00
_q3
_r0
_sY
_tBOOK
_u2015-6-25
_xBIBLIOTECA
_PP35
_0COMPRA
_o.STAFF. Colección Teología
980 _81
_gALBERTO SANCHEZ Responsable de Automatización